00460nam a2200145 a 450000100100000000500170001000800410002702000150006804000250008310000220010824500700013026000370020030000210023750000560025800004227220201002040038.0131121s1963 sp 000 0 spa d a8401810167 aDO-SdBNPbspacBNPHU1 aSegalen, Víctor10aAntología :bVersión de Leopoldo Azancot /cVíctor Segalen. aBarcelona :bPlaza Janes,c1963. a196 p. ;c20 cm. aSelecciones de poesía universal, texto bilingüe